Statistics for Christmas Specials

Click here to take the quiz!

General Stats

  • This quiz has been taken 19 times
  • The average score is 11 of 20

Answer Stats

HintAnswer% Correct
In what town did the Grinch steal Christmas?Whoville
100%
Who won first prize for Christmas decorations on his doghouse?Snoopy
89%
What does Ralphie want for Christmas that will "shoot your eye out?"a Red Ryder Carbine Action 200-shot Range Model Air Rifle
83%
In what performance would you see the Dance of the Sugar Plum Fairies?The Nutcracker
83%
What was the name of Ebenezer Scrooge's business partner?Jacob Marley
78%
Who was left Home Alone?Kevin McAllister
78%
What would Hermey the Elf rather do than make toys?Be a dentist
72%
What Christmas Special ends with "Hark the Herald Angel Sings?"A Charlie Brown Christmas
56%
What is the name of George Bailey's Guardian Angel?Clarence
56%
Who is Rudolph's "silver and gold prospector" traveling companion?Yukon Cornelius
56%
What is the name of the Jack-in-the-box on the Island of Misfit Toys?Charlie
50%
What character in A Year Without A Santa Claus has "fire" for hair?Heat Miser
50%
What famous horror movie actor narrated "How the Grinch Stole Christmas?Boris Karloff
44%
Who received a one year membership to the Jelly of the Month Club as a Christmas bonus?Clark Griswold
44%
What are Frosty the Snowman's first words?Happy Birthday
44%
What Christmas Movie ends with "Auld Lang Syne?"It's a Wonderful Life
39%
What is the name of the Grinch's dog?Max
39%
And what is the above's brother's name?Snow Miser
39%
Who is the Mayor of Sombertown?The Burgermeister Meisterburger
28%
Name either of the two elves in A Year Without A Santa Claus?Jingle and Jangle
17%

Score Distribution

Percentile by Number Answered

Percent of People with Each Score

Your Score History

You have not taken this quiz